Report, August-November, 1954. (Record no. 88776)

MARC details
000 -LEADER
fixed length control field 00746nam a2200253 4500
001 - CONTROL NUMBER
control field sa 68019021
003 - CONTROL NUMBER IDENTIFIER
control field DLC
005 - DATE AND TIME OF LATEST TRANSACTION
control field 20260227112716.0
008 - FIXED-LENGTH DATA ELEMENTS--GENERAL INFORMATION
fixed length control field 710827s1967 ii 00000 eng
010 ## - LIBRARY OF CONGRESS CONTROL NUMBER
LC control number sa 68019021
025 ## - OVERSEAS ACQUISITION NUMBER
Overseas acquisition number PL480:I-E-10636
043 ## - GEOGRAPHIC AREA CODE
Geographic area code a-ii---
050 0# - LIBRARY OF CONGRESS CALL NUMBER
Classification number L578.W4
Item number B4 1954
082 ## - DEWEY DECIMAL CLASSIFICATION NUMBER
Classification number 373.54/14
110 10 - MAIN ENTRY--CORPORATE NAME
Corporate name or jurisdiction name as entry element West Bengal.
Subordinate unit Secondary Education Commission.
245 00 - TITLE STATEMENT
Title Report, August-November, 1954.
260 0# - PUBLICATION, DISTRIBUTION, ETC.
Place of publication, distribution, etc. Alipore,
Name of publisher, distributor, etc. Superintendent, Govt. Print., West Bengal Govt. Press,
Date of publication, distribution, etc. 1967.
300 ## - PHYSICAL DESCRIPTION
Extent iv, ii, 93 p.
Dimensions 25 cm.
350 ## - PRICE (NR) (BK AM CF MU VM SE) [OBSOLETE]
Price Rs3.00
500 ## - GENERAL NOTE
General note Cover title.
500 ## - GENERAL NOTE
General note Chairman: B. B. Day.
650 #0 - SUBJECT ADDED ENTRY--TOPICAL TERM
Topical term or geographic name entry element Education, Secondary
Geographic subdivision India
-- West Bengal.
700 10 - ADDED ENTRY--PERSONAL NAME
Personal name Dey, Biman Bihari,
Dates associated with a name 1889-

No items available.

Powered by Koha